| 000 | 00676ngm a22002650a 4500 | ||
|---|---|---|---|
| 001 | PT20455 | ||
| 003 | AR-LpoUNG | ||
| 005 | 20210201232245.0 | ||
| 007 | co ||u|||uuuuu | ||
| 008 | 191001s2003||||sp |||||||||||||||||spa d | ||
| 020 |
_a846701024X _c$75.65 |
||
| 040 |
_aAR-LpoUNG _bspa _cAR-LpoUNG _eaacr |
||
| 041 | _aspa | ||
| 044 | _asp | ||
| 082 | 0 | _aR403 545 | |
| 245 | 1 | 0 | _aDiccionario de la lengua española |
| 260 |
_aMadrid : _bEspasa Calpe, _c2003. |
||
| 505 | 0 | _aAcompaña al impreso | |
| 650 | 4 | _aLEXICOGRAFIA | |
| 650 | 4 | _aMATERIAL DE REFERENCIA | |
| 650 | 4 | _aTERMINOLOGIA | |
| 710 | 2 | _aAcademia Española (Madrid) | |
| 905 | _a20455 | ||
| 942 | _cLSALA | ||
| 999 |
_c53135 _d53135 |
||